000 00921nam a2200289 a 4500
001 17746
003 BD-RjUL
005 20211209000203.0
008 140217s19571948enk 000 0 eng
035 _a(BD-RjUL)17804
040 _aDLC
_cDLC
_beng
_dBD-RjUL
041 _aeng
082 _a822
_bFRT 1954
100 _aChristopher fri
_954712
245 0 0 _aThor, with angels /
_cChristopher fri
260 _aLondon :
_bOxford university press,
_c1948, [impression 1954,1957]
300 _a54 p. ;
_c18 cm.
500 _aUniversity Theatre, December 1-16, 1950.
500 _aTitle devised by Library staff.
500 _aLC copy has notations by Coe.
580 _aIn: Richard L. Coe Theater Programs Collection (Library of Congress).
650 _aEnglish drama
_9241842
650 _aMerlin (Legendary character)
_9241843
942 _2ddc
_cBK
999 _c17746
_d17746